| 000 | 004460000a22001810004500 | ||
|---|---|---|---|
| 003 | MACL | ||
| 005 | 20150726153805.0 | ||
| 008 | 150726b xxu||||| |||| 00| 0 eng d | ||
| 040 |
_aMACL _cMACL |
||
| 041 | _aEnglish | ||
| 082 | _a330/RAM | ||
| 100 |
_aRamachandran, K. S. _92650 |
||
| 245 | _aThe Challenge of Economic Management | ||
| 260 |
_bHar-Anand _c1994 _aNew Delhi |
||
| 350 | _a250 | ||
| 650 |
_aEconomics _92651 |
||
| 942 |
_cBK _k330 _2ddc |
||
| 999 |
_c3719 _d3719 |
||